[Event "Rio de Janeiro tt"]
[Site "Rio de Janeiro"]
[Date "2001.08.26"]
[Round "5"]
[White "Mercadante, Ricardo Rodrigues"]
[Black "Silva, Decio"]
[Result "1-0"]
[WhiteElo "2314"]
[BlackElo "2209"]
[PlyCount "98"]
[EventDate "2001.08.18"]
[EventType "team"]
[EventRounds "5"]
[EventCountry "BRA"]
[SourceTitle "EXT 2005"]
[Source "ChessBase"]
[SourceDate "2004.11.15"]
[SourceVersion "1"]
[SourceVersionDate "2004.11.15"]
[SourceQuality "1"]

1. c4 e6 2. Nf3 d5 3. g3 c5 4. Bg2 Nc6 5. cxd5 exd5 6. d4 Nf6 7. Nc3 Be7 8. 0-0 0-0 9. dxc5 Bxc5 10. Bg5 d4 11. Bxf6 Qxf6 12. Nd5 Qd8 13. Nd2 Re8 14. Rc1 Bb6 15. Nc4 Bf5 16. a3 Be4 17. Nf4 Bxg2 18. Kxg2 Bc7 19. Nd3 Qd5+ 20. Kg1 Qh5 21. Re1 Re6 22. e4 Qh3 23. Qf3 Rae8 24. b4 a6 25. Nc5 Rf6 26. Qg2 Qc8 27. Nd3 Qb8 28. f4 g5 29. e5 Rg6 30. f5 Rg7 31. Rc2 Kh8 32. Rce2 Rgg8 33. g4 Re7 34. e6 fxe6 35. Rxe6 Rge8 36. Rxe7 Rxe7 37. Rxe7 Nxe7 38. h3 b5 39. Nd2 Qd8 40. Qe4 Qd6 41. Nf1 Kg7 42. Nc5 Bb6 43. Ne6+ Kf6 44. Qd3 Qd5 45. Ng3 Qc4 46. Nh5+ Kf7 47. Nxg5+ Ke8 48. Nf6+ Kd8 49. Ne6+ Kc8 1-0

[Event "Rio de Janeiro tt"]
[Site "Rio de Janeiro"]
[Date "2001.08.25"]
[Round "3"]
[White "Silva, Decio"]
[Black "Felipe, Andre de Souza"]
[Result "0-1"]
[WhiteElo "2209"]
[BlackElo "2030"]
[PlyCount "76"]
[EventDate "2001.08.18"]
[EventType "team"]
[EventRounds "5"]
[EventCountry "BRA"]
[SourceTitle "EXT 2005"]
[Source "ChessBase"]
[SourceDate "2004.11.15"]
[SourceVersion "1"]
[SourceVersionDate "2004.11.15"]
[SourceQuality "1"]

1. d4 d5 2. c4 c6 3. cxd5 cxd5 4. Nc3 Nc6 5. e4 dxe4 6. d5 Ne5 7. Qa4+ Nd7 8. Qxe4 Ngf6 9. Qd4 g6 10. Nf3 Bg7 11. Bb5 0-0 12. 0-0 Nb6 13. Qh4 Nbxd5 14. Rd1 e6 15. Bc4 Qc7 16. Bxd5 Nxd5 17. Nxd5 exd5 18. Bf4 Qb6 19. Rxd5 Be6 20. Rd2 Rad8 21. Rad1 Rxd2 22. Rxd2 Bxa2 23. Be3 Qc6 24. h3 Bd5 25. Qg5 Bxf3 26. gxf3 Qxf3 27. Qg2 Qxg2+ 28. Kxg2 a6 29. b3 b5 30. Rd6 Ra8 31. Rb6 Bc3 32. Kf3 b4 33. Ke4 a5 34. Bc5 a4 35. bxa4 Rxa4 36. Rb8+ Kg7 37. h4 Ra6 38. Bxb4 Ra4 0-1

[Event "Rio de Janeiro tt"]
[Site "Rio de Janeiro"]
[Date "2001.08.19"]
[Round "2"]
[White "Le Masson, Igor"]
[Black "Silva, Decio"]
[Result "1/2-1/2"]
[WhiteElo "2139"]
[BlackElo "2209"]
[PlyCount "49"]
[EventDate "2001.08.18"]
[EventType "team"]
[EventRounds "5"]
[EventCountry "BRA"]
[SourceTitle "EXT 2005"]
[Source "ChessBase"]
[SourceDate "2004.11.15"]
[SourceVersion "1"]
[SourceVersionDate "2004.11.15"]
[SourceQuality "1"]

1. e4 c5 2. Nf3 d6 3. d4 cxd4 4. Nxd4 Nf6 5. Nc3 Nc6 6. Bg5 e6 7. Qd2 a6 8. 0-0-0 Bd7 9. f3 Be7 10. h4 Nxd4 11. Qxd4 Bc6 12. g4 0-0 13. Be3 b5 14. Be2 Qa5 15. g5 Nd7 16. h5 b4 17. h6 e5 18. Nd5 exd4 19. Nxe7+ Kh8 20. hxg7+ Kxg7 21. Bxd4+ Ne5 22. Rxh7+ Kxh7 23. Rh1+ Kg7 24. Nf5+ Kg8 25. Nh6+ 1/2-1/2

[Event "Rio de Janeiro tt"]
[Site "Rio de Janeiro"]
[Date "2001.08.18"]
[Round "1"]
[White "Silva, Decio"]
[Black "Oliveira, Nilton Jr"]
[Result "0-1"]
[WhiteElo "2209"]
[BlackElo "2162"]
[PlyCount "62"]
[EventDate "2001.08.18"]
[EventType "team"]
[EventRounds "5"]
[EventCountry "BRA"]
[SourceTitle "EXT 2005"]
[Source "ChessBase"]
[SourceDate "2004.11.15"]
[SourceVersion "1"]
[SourceVersionDate "2004.11.15"]
[SourceQuality "1"]

1. d4 Nf6 2. c4 e6 3. Nf3 c5 4. e3 b6 5. Nc3 Bb7 6. Be2 cxd4 7. exd4 Bb4 8. 0-0 Bxc3 9. bxc3 d6 10. Bg5 h6 11. Bh4 Nbd7 12. a4 g5 13. Bg3 Ne4 14. Qc2 f5 15. Nd2 Nxg3 16. fxg3 Qf6 17. Bd3 0-0 18. a5 f4 19. gxf4 gxf4 20. Be4 d5 21. cxd5 exd5 22. Qb3 Qd6 23. Bf3 Kh8 24. Rfe1 Rae8 25. axb6 axb6 26. Qb5 Bc6 27. Qd3 Re7 28. c4 Rfe8 29. Rxe7 Rxe7 30. cxd5 Bxd5 31. Bxd5 Qxd5 0-1